00333pab a2200133 454500008004000000100001600040245007400056260000900130300001500139362000800154650001200162650000800174773001700182180718b2017 xxu||||| |||| 00| 0 eng d aShah, Nisha aDeath in the details: finding dead bodies at the Canadian war museum  c2017 ap.549-569. aJul aWeapons aWar aOrganization